=LDR 00000nam 2200000 4500 =001 INLIS000000000051369 =005 20170913024800 =035 ##$$a 0010-0917000173 =007 ta =008 170913###########################0###### =020 ##$$a 978-602-6556-17-2 =082 ##$$a 651.3 =084 ##$$a 651.3 EKO s =100 #$$a Eko Setyawan =245 1#$$a Sekretaris dan Administrasi perkantoran /$c Eko Setyawan =260 ##$$a Yogyakarta :$b Istana Media,$c 2017 =300 ##$$a 119 hlm ; $c 21 cm =650 ##$$a Manajemen Perkantoran =990 ##$$a 1094110941 =990 ##$$a 1094110941 =990 ##$$a 1094110941 =990 ##$$a 1094110941 =990 ##$$a 1094110941 =990 ##$$a 21704091 =990 ##$$a 01201710941 =990 ##$$a 01201710942 =990 ##$$a 01201710943 =990 ##$$a 01201710944 =990 ##$$a 21704092 =990 ##$$a 01201710941 =990 ##$$a 01201710942 =990 ##$$a 01201710943 =990 ##$$a 21704091 =990 ##$$a 21704093 =990 ##$$a 01201710941 =990 ##$$a 01201710942 =990 ##$$a 21704092 =990 ##$$a 21704091 =990 ##$$a 21704094 =990 ##$$a 01201710941 =990 ##$$a 21704093 =990 ##$$a 21704092 =990 ##$$a 21704091 =990 ##$$a 21704095 =990 ##$$a 21704094 =990 ##$$a 21704093 =990 ##$$a 21704092 =990 ##$$a 21704091